000 00763cam a22002291 4500
001 gs 35000210
003 DLC
005 20260227111340.0
008 781122s1935 msuab s000 0 eng
010 _ags 35000210
035 _a(OCoLC)4393357
040 _aDLC
_cMsSM
_dDLC
042 _apremarc
050 0 0 _aQE129
_b.A2 no. 28
100 1 _aMorse, William Clifford,
_d1874-
245 1 4 _aThe geologic history of the Vicksburg national military park area,
_cby William Clifford Morse.
260 _a[University, Miss.]
_c1935.
300 _a20 p.
_bfront. (fold. map) illus.
_c23 cm.
490 0 _aMississippi. State Geological Survey. Bulletin 28
650 0 _aGeology
_zMississippi
_zVicksburg area.
651 0 _aVicksburg National Military Park (Miss.)
999 _c27205
_d27205